000 00604nam a2200181 i 4500
001 65144
003 ES-MaACL
005 20230906165315.0
007 t|
008 040109s1960 sp ||||1| spa d
100 1 _aFrancé, Raoul Heinrich.
_952136
245 1 3 _aLa maravillosa vida de los animales /
_cR.H. Francé ; versión española por Julio Gadez.
250 _a2ª ed., 4ª reimp.
260 _aBarcelona :
_bLabor,
_c[1960] (
_fTalls. Gráfs. Ibero-Américanos)
300 _aVIII, 402 p., 32 lám. :
_bil. ;
_c22 cm.
700 1 _aGadez, Julio.
_953195
852 _aES-MaACL
_jC-18392
_bR.46705
999 _c65144
_d65144